Online
Catalog

Manzoni : (Record no. 1012)

MARC details
000 -CABECERA
campo de control de longitud fija 00714cam a2200193 a 4500
001 - NÚMERO DE CONTROL
campo de control 000001036
005 - FECHA Y HORA DE LA ÚLTIMA TRANSACCIÓN
campo de control 20200929145453.0
008 - DATOS DE LONGITUD FIJA--INFORMACIÓN GENERAL
campo de control de longitud fija 010219s2000 it ach bc 000 0 ita
040 ## - FUENTE DE LA CATALOGACIÓN
Centro catalogador/agencia de origen DO-SdBNP
Centro/agencia transcriptor DLC
Centro/agencia modificador DLC
082 ## - NÚMERO DE LA CLASIFICACIÓN DECIMAL DEWEY
Número de clasificación 853.7
Número de documento/Ítem M296s
245 00 - MENCIÓN DE TÍTULO
Título Manzoni :
Resto del título scrittore e lettore europeo.
260 ## - PUBLICACIÓN, DISTRIBUCIÓN, ETC.
Lugar de publicación, distribución, etc. Roma :
Nombre del editor, distribuidor, etc. De Luca :
-- Ufficio centrale per i beni librari, le istituzioni culturali e l'editoria,
Fecha de publicación, distribución, etc. 2000.
300 ## - DESCRIPCIÓN FÍSICA
Extensión 187 p. :
Otras características físicas il., rerts., fascims. ;
Dimensiones 30 cm.
600 14 - PUNTO DE ACCESO ADICIONAL DE MATERIA--NOMBRE DE PERSONA
Nombre de persona MANZONI, ALESSANDRO,
Fechas asociadas al nombre 1785-1873
Subdivisión de forma EXPOSICIONES
9 (RLIN) 3589
650 #4 - PUNTO DE ACCESO ADICIONAL DE MATERIA--TÉRMINO DE MATERIA
Término de materia o nombre geográfico como elemento de entrada Autores italianos,
Subdivisión cronológica SIGLOS XIX
9 (RLIN) 3590
710 1# - PUNTO DE ACCESO ADICIONAL--NOMBRE DE ENTIDAD CORPORATIVA
Nombre de entidad corporativa o nombre de jurisdicción como elemento de entrada Italy.
Unidad subordinada Ministero per i beni e le attivita culturali.
9 (RLIN) 3591
910 ## - DATOS DE OPCIÓN DEL USUARIO (OCLC)
Datos de opción del usuario Catalogación por copia / LC
910 ## - DATOS DE OPCIÓN DEL USUARIO (OCLC)
Datos de opción del usuario WM
Holdings
Estado de retiro Estado de pérdida Restricciones de uso No para préstamo Código de colección Localización permanente Ubicación/localización actual Ubicación en estantería Fecha de adquisición Número de inventario Total de préstamos Signatura topográfica completa Código de barras Fecha visto por última vez Precio válido a partir de Tipo de ítem Koha
    Préstamo interno Préstamo en sala Dominicana de Servicio Biblioteca Nacional Pedro Henríquez Ureña Biblioteca Nacional Pedro Henríquez Ureña Depósito 12.08.2009 LF1   853.7 M296s 1036-10 25.06.2020 25.06.2020 Libros y folletos

Powered by Koha